Welcome to the Holygrace Academy Library

Please use search bar below to get started

REVOLUTIONARY WAR ON WEDNESDAY (Record no. 6290)

MARC details
000 -LEADER
fixed length control field 00604nam a22001337a 4500
020 ## - INTERNATIONAL STANDARD BOOK NUMBER
ISBN 0 -439-29609-4
082 ## - DEWEY DECIMAL CLASSIFICATION NUMBER
Classification number 823
Item number OSB/R
100 ## - MAIN ENTRY--AUTHOR NAME
Personal name OSBORNE , MARY POPE
245 ## - TITLE STATEMENT
Title REVOLUTIONARY WAR ON WEDNESDAY
260 ## - PUBLICATION, DISTRIBUTION, ETC. (IMPRINT)
Place of publication NEW YORK
Name of publisher RANDOM HOUSE CHILDREN,S BOOKS
Year of publication 2000
300 ## - PHYSICAL DESCRIPTION
Number of Pages 70
520 ## - SUMMARY, ETC.
Summary, etc This book happens to be about the Revolutionary War. Jack and Annie travel back in time to the 1700's. The children are whisked away into a time where George Washington leads the troops. The children are sent back in time for a mission, they need to retrieve something for their friend Morgan.
942 ## - ADDED ENTRY ELEMENTS (KOHA)
Koha item type Books
Holdings
Withdrawn status Lost status Collection code Home library Current library Shelving location Date acquired Source of acquisition Cost, normal purchase price Full call number Accession Number Koha item type
    Fiction Main Library Main Library SHELF 15-K-CHILDREN'S STORYBOOKS 06/03/2012 Purchase 40.00 823 OSB/R 06289 Books